000 00592nam a2200169 4500
005 20260310163408.0
008 260310b |||||||| |||| 00| 0 eng d
020 _a978-93-91558-55-0
041 _aMarathi
082 _aX 891 JOS B12317
100 _aजोशी, विवेक
_9216968
245 _aस्व-त्व भारतीय विकासाचे उद्यमशीलता उद्योग आणि तंत्रज्ञानाचे
260 _aPune
_bBharatiya Vichar Sadhana
_c2022
300 _a68p
_bPb
365 _aRupaye
_b75
_cINR
942 _cBK
999 _c370679
_d370679